000 00535nam a2200181Ia 4500
005 20250326124624.0
008 250326s9999 xx 000 0 und d
037 _aTextbook
040 _aFMSL
_beng
_cFMSL
041 _aeng
_2eng
084 _aX:8ogB28 L1;L5;3
_qFMSL
100 _aLevin R I
245 0 _aQuantitative approaches to management
_cLevin R I; Kirkpatrick C A
260 _aNew Delhi
_bNew Delhi, McGraw-Hill
_c1975
300 _a586p
942 _cTB
_hX:8ogB28 L1;L5;3
999 _c1274436
_d1274436